Shawn Mendes - Statistics

Estatísticas Gerais
  • Esse quiz foi jogado 112 vezes
  • A pontuação média é 11 de 15
Estatísticas das Respostas
Hint Resposta % Correto
Em que país nasceu? Canadá
100%
Como se chama a sua namorada? Camila Cabello
98%
Que idade tem? 23
94%
Qual o título da música de sucesso que canta com ela? Señorita
91%
Qual o seu primeiro grande sucesso? Stitches
75%
Qual o título da primeira música que cantou com a sua namorada? I Know What You Did Last Summer
74%
Como se chama o seu segundo álbum? Illuminate
67%
Qual foi o primeiro single a ser lançado do segundo álbum? Treat You Better
67%
Qual o título da música que tem em conjunto com o músico Khalid? Youth
63%
Qual foi o segundo single a ser lançado do segundo álbum? Mercy
61%
Qual o título do documentário lançado em 2020? Shawn Mendes: In Wonder
61%
Através de que aplicação ficou conhecido? Vine
60%
Qual o título do seu último álbum? Wonder
60%
Qual o título do seu primeiro álbum? Handwritten
59%
Qual foi o single de estreia do seu terceiro álbum? In My Blood
58%
Nenhum quiz correspondente encontrado
Distribuição das Pontuações
Porcentagem de Pessoas com Cada Pontuação
Percentil de Números Respondidos
Sua Pontuação Histórica
Você não jogou esse quiz